Contributions to the geography of Egypt, (Record no. 27610)
[ view plain ]
| 000 -LEADER | |
|---|---|
| fixed length control field | 00945cam a22002771 4500 |
| 001 - CONTROL NUMBER | |
| control field | gs 40000038 |
| 003 - CONTROL NUMBER IDENTIFIER | |
| control field | DLC |
| 005 - DATE AND TIME OF LATEST TRANSACTION | |
| control field | 20260227111345.0 |
| 008 - FIXED-LENGTH DATA ELEMENTS--GENERAL INFORMATION | |
| fixed length control field | 810401s1939 ua abf b 000 0 eng c |
| 010 ## - LIBRARY OF CONGRESS CONTROL NUMBER | |
| LC control number | gs 40000038 |
| 035 ## - SYSTEM CONTROL NUMBER | |
| System control number | (OCoLC)7294295 |
| 040 ## - CATALOGING SOURCE | |
| Original cataloging agency | U.S. Geol. survey. Library |
| Transcribing agency | FTS |
| Modifying agency | FTS |
| -- | MH-A |
| -- | DLC |
| 042 ## - AUTHENTICATION CODE | |
| Authentication code | premarc |
| 043 ## - GEOGRAPHIC AREA CODE | |
| Geographic area code | f-ua--- |
| 050 00 - LIBRARY OF CONGRESS CALL NUMBER | |
| Classification number | GB341 |
| Item number | .B3 |
| 082 ## - DEWEY DECIMAL CLASSIFICATION NUMBER | |
| Classification number | 720 |
| 100 1# - MAIN ENTRY--PERSONAL NAME | |
| Personal name | Ball, John, |
| Dates associated with a name | 1872-1941. |
| 245 10 - TITLE STATEMENT | |
| Title | Contributions to the geography of Egypt, |
| Statement of responsibility, etc. | by John Ball. |
| 260 ## - PUBLICATION, DISTRIBUTION, ETC. | |
| Place of publication, distribution, etc. | Cairo, |
| Name of publisher, distributor, etc. | Government Press, Bulaq, |
| Date of publication, distribution, etc. | 1939. |
| 300 ## - PHYSICAL DESCRIPTION | |
| Extent | xv, 308 p.: |
| Other physical details | incl. illus., tables, diagrs. ix pl. (incl. 4 fold. maps, incl. front.) |
| Dimensions | 27 1/2 cm. |
| 500 ## - GENERAL NOTE | |
| General note | At head of title: Ministry of Finance, Egypt. Survey and Mines Department. |
| 504 ## - BIBLIOGRAPHY, ETC. NOTE | |
| Bibliography, etc. note | Bibliographical footnotes. |
| 650 #0 - SUBJECT ADDED ENTRY--TOPICAL TERM | |
| Topical term or geographic name entry element | Geography |
| Geographic subdivision | Egypt. |
| 650 #0 - SUBJECT ADDED ENTRY--TOPICAL TERM | |
| Topical term or geographic name entry element | Geology |
| Geographic subdivision | Egypt. |
| 710 1# - ADDED ENTRY--CORPORATE NAME | |
| Corporate name or jurisdiction name as entry element | Egypt. |
| Subordinate unit | Maṣlaḥat al-Misāḥah wa-al-Manājim. |
No items available.